Makeology: (Record no. 364676)
[ view plain ]
| 000 -LEADER | |
|---|---|
| fixed length control field | 00446nam a2200145Ia 4500 |
| 008 - FIXED-LENGTH DATA ELEMENTS--GENERAL INFORMATION | |
| fixed length control field | 201002s9999 xx 000 0 und d |
| 020 ## - INTERNATIONAL STANDARD BOOK NUMBER | |
| International Standard Book Number | 978-113-884-781-1 |
| 100 ## - MAIN ENTRY--PERSONAL NAME | |
| Personal name | Edited by: Peppler, Kylie, et.al |
| 245 ## - TITLE STATEMENT | |
| Statement of responsibility, etc | Edited by: Kylie Peppler, et.al. |
| Title | Makeology: |
| Remainder of title | makers as learners/ |
| 260 ## - PUBLICATION, DISTRIBUTION, ETC. (IMPRINT) | |
| Place of publication, distribution, etc | New York: |
| Name of publisher, distributor, etc | Routledge |
| Date of publication, distribution, etc | 2016 |
| 300 ## - PHYSICAL DESCRIPTION | |
| Extent | xiv, 253 pages |
| Dimensions | 22 cm. |
| 440 ## - SERIES STATEMENT/ADDED ENTRY--TITLE | |
| Volume number/sequential designation | 2 |
| 650 ## - SUBJECT ADDED ENTRY--TOPICAL TERM | |
| Topical term or geographic name as entry element | Maker movement in education |
| 650 ## - SUBJECT ADDED ENTRY--TOPICAL TERM | |
| Topical term or geographic name as entry element | Makerspace |
| Withdrawn status | Lost status | Damaged status | Home library | Current library | Shelving location | Date acquired | Source of acquisition | Total Checkouts | Full call number | Barcode | Date last seen | Price effective from | Koha item type |
|---|---|---|---|---|---|---|---|---|---|---|---|---|---|
| Luxembourg Library | Luxembourg Library | High School Section | 10/02/2020 | Library Fund | T 65.5 .M35 2016 | 20948 | 10/02/2020 | 10/02/2020 | Books |